Federal Judicial Center Annual Reports

Detalles Bibliográficos
Formato: Desconocido
Lenguaje:inglés
Publicado: Kaneohe, HI : Law Library Microform Consortium
Materias:
Acceso en línea:Acceso restringido

MARC

LEADER 00000ny a22000003n 4500
005 20110916100417.0
008 071120c19uu9999riu r p 0 0eng d
035 |a 2479 
040 |d vlex 
090 |c 1577  |d 1577 
245 0 0 |a Federal Judicial Center Annual Reports  |h [Recurso electrn̤ico] 
256 |a Servicio en ln̕ea 
260 |a Kaneohe, HI :  |b Law Library Microform Consortium 
506 1 |a Contenido solo disponible en los productos indicados  |d vLex Global  |d vLex Global (Academic Edition, excluding Law Schools)  |d vLex Global (U.S. Academic Edition, Law Schools)  |d vLex Global (U.S. Academic Edition, excluding Law Schools)  |d vLex Global (Academic Edition, Law Schools) 
650 0 4 |a Tribunales  |x Administracin̤  |z Estados Unidos  |x Publicaciones perid̤icas 
740 0 |a vLex Revista (Servicios en ln̕ea) 
843 |a Electrn̤ica. Abierta 
853 |8 1  |i (year)  |j (month)  |k (day) 
856 4 0 |u http://vlex.com/source/2479  |z Acceso restringido 
942 |c REV